000 00333cam a22001097a 4500
008 180718b1972 xxu||||| |||| 00| 0 eng d
082 _aA75 W52HO
245 _aWest Bengal district gazetteers: Howrah
_cedited by Amiya Kumar Banerji
260 _aCalcutta
_bDistrict Gazetteers
_c1972
300 _a634+p
700 _aBanerji, Amiya Kumar
999 _c487072
_d487072